Industrial development in Africa : (Record no. 27272)
[ view plain ]
| 000 -LEADER | |
|---|---|
| fixed length control field | 02091cam a22002655a 4500 |
| 005 - DATE AND TIME OF LATEST TRANSACTION | |
| control field | 20190327140100.0 |
| 008 - FIXED-LENGTH DATA ELEMENTS--GENERAL INFORMATION | |
| fixed length control field | 171219t2018 enka fr 001 0 eng d |
| 020 ## - INTERNATIONAL STANDARD BOOK NUMBER | |
| Cancelled/invalid ISBN | 9781138059719 |
| 040 ## - CATALOGING SOURCE | |
| Original cataloging agency | StDuBDS |
| Language of cataloging | eng |
| Transcribing agency | StDuBDS |
| Modifying agency | Uk |
| -- | EG-ScBUE |
| -- | EG-ScBUE |
| 043 ## - GEOGRAPHIC AREA CODE | |
| Geographic area code | f------ |
| 082 04 - DEWEY DECIMAL CLASSIFICATION NUMBER | |
| Classification number | 338.96 |
| Item number | ABE |
| Edition number | 22 |
| 100 1# - MAIN ENTRY--PERSONAL NAME | |
| Personal name | Abegaz, Berhanu. |
| 245 10 - TITLE STATEMENT | |
| Title | Industrial development in Africa : |
| Remainder of title | mapping industrialization pathways for a leaping leopard / |
| Statement of responsibility, etc | Berhanu Abegaz. |
| 250 ## - EDITION STATEMENT | |
| Edition statement | 1st. ed. |
| 260 ## - PUBLICATION, DISTRIBUTION, ETC. (IMPRINT) | |
| Place of publication, distribution, etc | Oxon ; |
| -- | New York : |
| Name of publisher, distributor, etc | Routledge / Taylor & Francis, |
| Date of publication, distribution, etc | c.2018. |
| 300 ## - PHYSICAL DESCRIPTION | |
| Extent | xviii, 305 p. : |
| Other physical details | ill. ; |
| Dimensions | 24 cm. |
| 504 ## - BIBLIOGRAPHY, ETC. NOTE | |
| Bibliography, etc | Includes bibliographical references and index.<br/> |
| 520 ## - SUMMARY, ETC. | |
| Summary, etc | Industrial Development in Africa critically synthesizes and reframes the debates on African industrial development in a capability-opportunity framework. It recasts the challenge in a broader comparative context of successive waves of catchup industrialization experiences in the European periphery, Latin America, and East Asia. Berhanu Abegaz explores the case for resource-based and factor-based industrialization in North Africa and Sub-Saharan Africa by drawing on insights from the history of industrialization, development economics, political economy, and institutional economics.<br/><br/>Unpacking complex and diverse experiences, the chapters look at Africa at several levels: continent-wide, sub-regions on both sides of the Sahara, and present analytical case studies of 12 representative countries: Egypt, Tunisia, Ethiopia, Kenya, Tanzania, Mauritius, Zimbabwe, South Africa, Ghana, Nigeria, Senegal, and Cote d’Ivoire.<br/><br/>Industrial Development in Africa will be of interest to undergraduate and graduate students studying African development, African economics, and late-stage industrialization. The book will also be of interest to policymakers. |
| 650 #7 - SUBJECT ADDED ENTRY--TOPICAL TERM | |
| Topical term or geographic name as entry element | Industrialization |
| Geographic subdivision | Africa. |
| Source of heading or term | BUEsh |
| 650 #7 - SUBJECT ADDED ENTRY--TOPICAL TERM | |
| Topical term or geographic name as entry element | Economic development |
| Geographic subdivision | Africa. |
| Source of heading or term | BUEsh |
| 651 #7 - SUBJECT ADDED ENTRY--GEOGRAPHIC NAME | |
| Geographic name | Africa |
| General subdivision | Economic conditions. |
| Source of heading or term | BUEsh |
| 653 ## - INDEX TERM--UNCONTROLLED | |
| Resource For college | BAEPS, Political Science |
| Arrived date list | March2019 |
| 776 08 - ADDITIONAL PHYSICAL FORM ENTRY | |
| Display text | Print version : |
| International Standard Book Number | 9781138059702 |
| 942 ## - ADDED ENTRY ELEMENTS (KOHA) | |
| Source of classification or shelving scheme | Dewey Decimal Classification |
| Withdrawn status | Item status | Source of classification or shelving scheme | Damaged status | Not for loan | Vendor | Home library | Current library | Shelving location | Date acquired | Source of acquisition | Cost, normal purchase price | Serial Enumeration / chronology | Total Checkouts | Full call number | Barcode | Date last seen | Cost, replacement price | Koha item type |
|---|---|---|---|---|---|---|---|---|---|---|---|---|---|---|---|---|---|---|
| Dewey Decimal Classification | Alahram | Central Library | Central Library | First floor | 20/03/2019 | Purchase | 689.00 | 526 | 338.96 ABE | 000043277 | 15/07/2025 | 861.25 | Book - Borrowing |